00329nam a22001217a 4500020001800000082001600018100002300034245006900057260003200126300001100158563000800169650003000177 a9780415833264 a349.42bMAR aMartin, Jacqueline aEnglish Legal System /bkey facts key cases /cJacqueline Martin aLondon :bRoutledge,c2014. a203 p. aPB. aLaw, English Legal System